000 00565nam a2200181 i 4500
001 149963
003 ES-MaACL
005 20230906203328.0
007 t|
008 071025s1972 sp ||||1| spa d
100 1 _aValle, Julián del.
_9112768
245 1 0 _aHistoria de radio Bilbao /
_cJulián del Valle ; presentación de Eduardo Ruiz de Velasco.
260 _aBilbao :
_bErcilla,
_c1972.
300 _a173 p. :
_bil. ;
_c22 cm.
500 _aPaginación defectuosa.
700 1 _aRuiz de Velasco, Eduardo.
_9100770
852 _aES-MaACL
_jC-45173
_bR.81284
999 _c149963
_d149963